| 000 | 00699nam a22002412 4500 | ||
|---|---|---|---|
| 001 | 51864 | ||
| 003 | BD-RjUL | ||
| 005 | 20211209075725.0 | ||
| 008 | 180904s1955 at b 001 0 eng | ||
| 035 | _a(BD-RjUL)51984 | ||
| 040 |
_aDLC _cXFM _dBD-RjUL _beng |
||
| 041 | _aeng | ||
| 082 |
_223 _bBAO 1955 _a349.4 |
||
| 100 | 1 |
_aBaalman, John. _9155140 |
|
| 245 | 1 | 0 |
_aOutline of law in Australia / _cJohn Baalman; Jean Lewis Malor |
| 250 | _a2d ed. | ||
| 260 |
_aSydney : _bLaw Book Co. of Australasia, _c1955. |
||
| 300 |
_a303 p. ; _c23 cm. |
||
| 500 | _aIncludes index. | ||
| 650 | 0 |
_aLaw _zAustralia _xOutlines, syllabi, etc. _9155141 |
|
| 700 |
_aMalor, Jean Lewis _9155142 |
||
| 942 |
_2ddc _cBK |
||
| 999 |
_c51864 _d51864 |
||